| 000 | 00747nam a2200229 a 4500 | ||
|---|---|---|---|
| 001 | 62639 | ||
| 003 | BD-RjUL | ||
| 005 | 20211209081116.0 | ||
| 008 | 170124s2007 bg ||||| |||| 00| 0 ben d | ||
| 020 | _c: Tk. 70.00 | ||
| 035 | _a(BD-RjUL)62765 | ||
| 040 |
_aBD-RjUL _bben _cBD-RjUL |
||
| 041 | _aben | ||
| 082 |
_223 _a782.253 _bASA 2007 |
||
| 100 |
_aআসগর, সাদিক _9170404 |
||
| 245 | 1 | 0 |
_aঅচিন নদীর পারে / _cসাদিক আসগর |
| 260 |
_aখুলনা : _bফসিয়ার রহমান, _c২০০৭ |
||
| 300 |
_a৯৬ পৃ. ; _c২২ সেমি. |
||
| 650 |
_aআধ্যাত্মিক গান _9177734 |
||
| 650 |
_aSpiritual song _9186231 |
||
| 942 |
_2ddc _cBK |
||
| 999 |
_c62639 _d62639 |
||